Bezriziková úroková sadzba a jej vplyv na hodnotu podniku
Ohodnocovanie podnikov. Súčasná úprava výpočtu diskontného faktora v SR. Parametre ovplyvňujúce náklady na vlastný kapitál. Pokles úrokových sadzieb verzus hodnota podniku. Prehľad emisií štátnych dlhopisov (emitovaných v rokoch 2012-2015), výnosnosť štátnych dlhopisov. Prehľad nákladov na vlastný k...
Salvato in:
| Autore principale: | |
|---|---|
| Natura: | Capitolo di libro |
| Lingua: | slovacco |
| Soggetti: | |
| Tags: |
Nessun Tag, puoi essere il primo ad aggiungerne!!
|
MARC
| LEADER | 00000nla a2200000 4500 | ||
|---|---|---|---|
| 001 | 0201658 | ||
| 005 | 20240527082913.1 | ||
| 041 | 0 | |a slo | |
| 044 | |a SK | ||
| 245 | 1 | 0 | |a Bezriziková úroková sadzba a jej vplyv na hodnotu podniku |c Miroslav Jakubec |
| 520 | |a Ohodnocovanie podnikov. Súčasná úprava výpočtu diskontného faktora v SR. Parametre ovplyvňujúce náklady na vlastný kapitál. Pokles úrokových sadzieb verzus hodnota podniku. Prehľad emisií štátnych dlhopisov (emitovaných v rokoch 2012-2015), výnosnosť štátnych dlhopisov. Prehľad nákladov na vlastný kapitál. | ||
| 610 | 2 | 0 | |a ohodnocovanie podniku |
| 610 | 2 | 0 | |a hodnota podniku |
| 610 | 2 | 0 | |a kapitál vlastný |
| 610 | 2 | 0 | |a náklady |
| 610 | 2 | 0 | |a sadzby úrokové |
| 100 | 1 | |a Jakubec, Miroslav | |